Plant food processing tools at early Neolithic Göbekli Tepe /
This volume reconstructs plant food processing at this key Pre-Pottery Neolithic (9600-8000 BC) site, with an emphasis on cereals, legumes and herbs as food sources, on grinding and pounding tools for their processing, and on the vessels implied in the consumption of meals and beverages. Functional...
المؤلف الرئيسي:
التنسيق: كتاب الكتروني
اللغة: English
منشور في:
Oxford :
Archaeopress Archaeology,
2021.
الموضوعات:
الوصول للمادة أونلاين: Login to view Source
الوسوم: إضافة وسم
رقم الطلب: GN799.T6
| LEADER | 02104nam a2200421 i 4500 | ||
|---|---|---|---|
| 001 | EDZ0002794149 | ||
| 003 | StDuBDS | ||
| 005 | 20230412183208.0 | ||
| 006 | m|||||o||d|||||||| | ||
| 007 | cr ||||||||||| | ||
| 008 | 211129s2021 enka fob 000|0|eng|d | ||
| 020 | |a 9781803270937 (PDF ebook) : |c No price | ||
| 040 | |a StDuBDS |b eng |c StDuBDS |e rda |e pn | ||
| 050 | 4 | |a GN799.T6 | |
| 082 | 0 | 4 | |a 939.42 |2 23 |
| 100 | 1 | |a Dietrich, Laura, |e author. | |
| 245 | 1 | 0 | |a Plant food processing tools at early Neolithic Göbekli Tepe / |c Laura Dietrich. |
| 264 | 1 | |a Oxford : |b Archaeopress Archaeology, |c 2021. | |
| 300 | |a 1 online resource (vii, 234 pages) : |b illustrations (black and white, and colour) | ||
| 336 | |a text |2 rdacontent | ||
| 336 | |a still image |2 rdacontent | ||
| 337 | |a computer |2 rdamedia | ||
| 338 | |a online resource |2 rdacarrier | ||
| 500 | |a Also issued in print: 2021. | ||
| 504 | |a Includes bibliographical references. | ||
| 520 | 8 | |a This volume reconstructs plant food processing at this key Pre-Pottery Neolithic (9600-8000 BC) site, with an emphasis on cereals, legumes and herbs as food sources, on grinding and pounding tools for their processing, and on the vessels implied in the consumption of meals and beverages. Functional investigations on grinding and pounding tools and on stone containers through use-wear and residue analyses are at the core of the book. | |
| 521 | |a Specialized. | ||
| 588 | |a Description based on online resource; title from PDF title page (viewed on June 7, 2022). | ||
| 650 | 0 | |a Tools, Prehistoric |z Turkey |z Göbekli Tepe. | |
| 651 | 0 | |a Göbekli Tepe (Turkey) |x Antiquities. | |
| 650 | 0 | |a Excavations (Archaeology) |z Turkey |z Göbekli Tepe. | |
| 650 | 0 | |a Neolithic period |z Turkey |z Göbekli Tepe. | |
| 650 | 0 | |a Food habits |z Turkey |z Göbekli Tepe. | |
| 776 | 0 | 8 | |i Print version : |z 9781803270920 |
| 856 | 4 | 0 | |3 Archaeopress |u http://library.arce.org:8087/Archaeopress/Products/9781803270920 |
| 942 | |2 lcc |c EBOOK | ||
| 952 | |0 0 |1 0 |4 0 |6 GN0799 T6 |7 1 |9 46888 |a ARCH |b ARCH |d 2023-04-12 |l 0 |o GN799.T6 |r 2023-04-12 00:00:00 |w 2023-04-12 |y EBOOK | ||
| 999 | |c 52546 |d 52546 | ||
